Music Quiz

Random Music or Album Quiz
Score 0/6 Timer 01:30
0 Plays Today
Year Album % Correct
1980Group Sex
100%
1982Wild in the Streets
90%
1983Golden Shower of Hits
80%
1985Wonderful
70%
1987VI
70%
1995Oddities, Abnormalities and Curiosities
40%
Remove Ads.
Support Sporcle.
Get the best of Sporcle when you Go Orange. This ad-free experience offers more features, more stats, and more fun while also helping to support Sporcle. Thank you for becoming a member.

You're not logged in!

Compare scores with friends on all Sporcle quizzes.
OR
Log In

Show Comments

Extras

Top Quizzes Today


Score Distribution

Your Account Isn't Verified!

In order to create a playlist on Sporcle, you need to verify the email address you used during registration. Go to your Sporcle Settings to finish the process.

Report this User

Report this user for behavior that violates our Community Guidelines.

Details: